• 首页
  • 本馆介绍
  • 公告通知
  • 最新文献
  • 馆藏检索
  • 电子资源
  • 读者导购
  • 参考咨询
  • 我的图书馆
  • 登录
  • 详细信息显示
  • 放入我的书架
  • 预约/预借图书
  • 作者相关作品
  • 分类相关作品
  • 丛书相关作品
  • 出版社相关作品

书目信息

  • 表格格式
  • 工作单格式
  • 卡片格式
题名:
艺术风格学
    
 
作者: 沃尔夫林 著 ;潘耀昌 译
分册:  
出版信息: 沈阳   辽宁人民出版社  1987
页数: 267页
开本: 20cm
丛书名: 美学译文丛书
单 册:
中图分类: J045
科图分类:
主题词: 艺术风格 , 风格--艺术
电子资源:
ISBN: 7-205-00093-9
000 01015nam2 2200325 450
001 0100226625
005 20190628154801.0
010    @a7-205-00093-9@dCNY4.20
011    @a7-205-00093-9
100    @a20021005d1987 emky0chiy0110 ea
101 1  @achi@ceng
102    @aCN@b210000
105    @af z 000yy
106    @ar
200 1  @a艺术风格学@9Yi Shu;Zhu Feng Ge Xue @e美术史的基本概念@f(瑞士)沃尔夫林(Wolfflin,H.)著@g潘耀昌译@b专著
210    @a沈阳@c辽宁人民出版社@d1987
215    @a267页@c图@d20cm
225 2  @a美学译文丛书
300    @a书名原文: Principles of art history
410  0 @12001 @a美学译文丛书
500 10 @a艺术风格学@9yi shu feng ge xue
510 1  @aPrinciples of art history@zeng
606 0  @a艺术风格
606 0  @a风格@x艺术
690    @aJ045@v3
701  0 @c(瑞士)@a沃尔夫林@c(Wolfflin, Heinrich@f1864~1945)@9wo er fu lin@4著
702  0 @a潘耀昌@f(1947~)@9pan yao chang@4译
801  0 @aCN@b深圳图书馆
801  2 @aCN@bAiZhiMarc
905    @aBZT@dJ045@e1@f2@sJ045/1
    
    艺术风格学:美术史的基本概念/(瑞士)沃尔夫林(Wolfflin,H.)著/潘耀昌译.-沈阳:辽宁人民出版社,1987
    267页:图;20cm.-(美学译文丛书)
    书名原文: Principles of art history
    
    ISBN 7-205-00093-9:CNY4.20
    
●
相关链接 在五车中查询图书 在当当中查询图书 在豆瓣中查询图书


正题名:艺术风格学     索取号:J045/1         预约/预借

序号 登录号 条形码 馆藏地/架位号 状态 备注
1 2000143058   2000143058   旧书回溯/ [索取号:J045/1] 在馆    
2 2000143059   2000143059   旧书回溯/ [索取号:J045/1] 在馆    
山东省滨州职业学院图书馆 欢迎您!
大连网信软件有限公司© 版权所有